| 000 | 01393nam a2200337Ia 4500 | ||
|---|---|---|---|
| 001 | ebr10380625 | ||
| 003 | CaPaEBR | ||
| 006 | m u | ||
| 007 | cr cn||||||||| | ||
| 008 | 081014s2008 ne af sb 000 0 eng d | ||
| 020 | _z904202433X | ||
| 020 | _z9789042024335 | ||
| 040 |
_aCaPaEBR _cCaPaEBR |
||
| 035 | _a(OCoLC)320899498 | ||
| 050 | 1 | 4 |
_aNX456.5.P66 _bG73 2008eb |
| 100 | 1 | _aGrabes, Herbert. | |
| 245 | 1 | 0 |
_aMaking strange _h[electronic resource] : _bbeauty, sublimity, and the (post)modern 'third aesthetic' / _cHerbert Grabes. |
| 260 |
_aAmsterdam ; _aNew York, NY : _bRodopi, _c2008. |
||
| 300 |
_axiii, 172 p., 16 p. of plates : _bill. (chiefly col.). |
||
| 490 | 1 |
_aPostmodern studies ; _v42 |
|
| 504 | _aIncludes bibliographical references (p. [165]-172). | ||
| 533 |
_aElectronic reproduction. _bPalo Alto, Calif. : _cebrary, _d2011. _nAvailable via World Wide Web. _nAccess may be limited to ebrary affiliated libraries. |
||
| 650 | 0 | _aPostmodernism. | |
| 650 | 0 |
_aArt, Modern _y20th century. |
|
| 650 | 0 |
_aAvant-garde (Aesthetics) _xHistory _y20th century. |
|
| 650 | 0 |
_aArt and literature _xHistory _y20th century. |
|
| 655 | 7 |
_aElectronic books. _2local |
|
| 710 | 2 | _aebrary, Inc. | |
| 830 | 0 |
_aPostmodern studies ; _v42. |
|
| 856 | 4 | 0 |
_uhttp://site.ebrary.com/lib/rucke/Doc?id=10380625 _zAn electronic book accessible through the World Wide Web; click to view |
| 999 |
_c206860 _d206860 |
||